Sổ tay người dịch tiếng Anh = A handbook for the English language translator
Sách là công cụ có ích cho tất cả những ai học và làm công tác phiên dịch và biên dịch Anh ngữ, được sắp xếp và cấu trúc một cách khoa học
Shranjeno v:
| Glavni avtor: | |
|---|---|
| Format: | Knjiga |
| Jezik: | Undetermined |
| Izdano: |
Thành phố Hồ Chí Minh
Thế giới
2006
|
| Teme: | |
| Oznake: |
Označite
Brez oznak, prvi označite!
|
| Thư viện lưu trữ: | Trung tâm Học liệu Trường Đại học Cần Thơ |
|---|
| LEADER | 00856nam a2200229Ia 4500 | ||
|---|---|---|---|
| 001 | CTU_112336 | ||
| 008 | 210402s9999 xx 000 0 und d | ||
| 020 | |c 35000 | ||
| 082 | |a 428.02 | ||
| 082 | |b H566 | ||
| 100 | |a Hữu Ngọc | ||
| 245 | 0 | |a Sổ tay người dịch tiếng Anh = | |
| 245 | 2 | |b A handbook for the English language translator | |
| 245 | 0 | |c Hữu Ngọc | |
| 260 | |a Thành phố Hồ Chí Minh | ||
| 260 | |b Thế giới | ||
| 260 | |c 2006 | ||
| 520 | |a Sách là công cụ có ích cho tất cả những ai học và làm công tác phiên dịch và biên dịch Anh ngữ, được sắp xếp và cấu trúc một cách khoa học | ||
| 650 | |a English language | ||
| 650 | |x Translating | ||
| 904 | |i Minh | ||
| 980 | |a Trung tâm Học liệu Trường Đại học Cần Thơ | ||